Представление документа в формате MARC21

ПолеНазваниеЗначение
  Тип записи a
  Библиографический уровень m
001 Контрольный номер RU\infra-m\znanium\bibl\2220093
005 Дата корректировки 20260429142407.4
008 Кодируемые данные 260128s2026 RU g rus u
020 Индекс ISBN __
a ISBN 978-5-89123-442-0
020 Индекс ISBN __
a ISBN 978-5-16-111597-8 (электр. издание)
040 Источник каталогиз. __
a Служба первич. каталог. Общество с ограниченной ответственностью «ЗНАНИУМ»
041 Код языка издания __
a Код языка текста rus
044 Код страны публикации __
a Код страны публикации RU
080 Индекс УДК __
a Индекс УДК 340.12
084 Индекс другой классификации/Индекс ББК __
2 Источник индекса rubbk
a Индекс другой классификации/Индекс ББК 67.0
084 Индекс другой классификации/Индекс ББК __
2 Источник индекса okso
a Индекс другой классификации/Индекс ББК 40.03.01
084 Индекс другой классификации/Индекс ББК __
2 Источник индекса okso
a Индекс другой классификации/Индекс ББК 40.04.01
084 Индекс другой классификации/Индекс ББК __
2 Источник индекса okso
a Индекс другой классификации/Индекс ББК 40.05.01
084 Индекс другой классификации/Индекс ББК __
2 Источник индекса okso
a Индекс другой классификации/Индекс ББК 40.05.02
084 Индекс другой классификации/Индекс ББК __
2 Источник индекса okso
a Индекс другой классификации/Индекс ББК 40.05.03
084 Индекс другой классификации/Индекс ББК __
2 Источник индекса okso
a Индекс другой классификации/Индекс ББК 40.05.04
084 Индекс другой классификации/Индекс ББК __
2 Источник индекса okso
a Индекс другой классификации/Индекс ББК 44.03.05
245 Заглавие __
a Заглавие История политических и правовых учений
b Продолж. заглавия Учебное пособие
c Ответственность Институт государства и права Российской академии наук
250 Сведения об издании __
a Основные сведения об издании 1
260 Выходные данные __
a Место издания Москва
b Издательство ООО "Юридическое издательство Норма"
c Дата издания 2026
300 Физическое описание __
a Объем 352 с.
440 Серия __
a Серия Краткие учебные курсы юридических наук
520 Аннотация __
a Аннотация Настоящий курс посвящен всемирной истории политической и правовой мысли. В нем освещаются основные политико-правовые теории древнего мира средних веков нового и новейшего времени. Значительное место уделено истории политических и правовых учений России. Для студентов аспирантов и преподавателей юридических политологических философских и других гуманитарных вузов и факультетов.
521 Примеч. о цел. назн. __
a Примеч. о целев. назн. Профессиональное образование
650 Тематические рубрики __
a Основная рубрика Право. Юридические науки
x Основная подрубрика История правовых и политических учений
655 Указ. предметных рубрик (устаревшее) __
a Жанр/ форма (устаревшее) Учебное пособие
700 Другие авторы __
a Другие авторы Нерсесянц В.С.
q Полное имя Нерсесянц Владик Сумбатович
u Дополнение Институт государства и права Российской академии наук
856 Электронный адрес документа 4_
a Имя сервера/домена znanium.ru
m Помощь ebs_support@infra-m.ru
n Местонахождение сервера НИЦ ИНФРА-М
u URL https://znanium.ru/catalog/document?id=476910
856 Электронный адрес документа 48
a Имя сервера/домена znanium.ru
d Путь /cover/2220
f Электронное имя 2220093.jpg
q Тип электронного формата image/jpeg
u URL https://znanium.ru/cover/2220/2220093.jpg
911 __
u 0030=https://znanium.ru/catalog/document?id=476910